From the babul tree; (Record no. 77347)

MARC details
000 -LEADER
fixed length control field 00733cam a22002531 4500
001 - CONTROL NUMBER
control field sa 68000634
003 - CONTROL NUMBER IDENTIFIER
control field DLC
005 - DATE AND TIME OF LATEST TRANSACTION
control field 20260227112425.0
008 - FIXED-LENGTH DATA ELEMENTS--GENERAL INFORMATION
fixed length control field 710901s1967 ii b 000 0 eng
010 ## - LIBRARY OF CONGRESS CONTROL NUMBER
LC control number sa 68000634
025 ## - OVERSEAS ACQUISITION NUMBER
Overseas acquisition number PL480:I-E-8712
040 ## - CATALOGING SOURCE
Original cataloging agency DLC
Transcribing agency DLC
Modifying agency DLC
043 ## - GEOGRAPHIC AREA CODE
Geographic area code a-ii---
050 00 - LIBRARY OF CONGRESS CALL NUMBER
Classification number HD6812
Item number .R34
082 00 - DEWEY DECIMAL CLASSIFICATION NUMBER
Classification number 331.88/0954
100 1# - MAIN ENTRY--PERSONAL NAME
Personal name Ramanujam, G.,
Dates associated with a name 1916-
245 10 - TITLE STATEMENT
Title From the babul tree;
Remainder of title story of Indian labour,
Statement of responsibility, etc. by G. Ramanujam.
260 ## - PUBLICATION, DISTRIBUTION, ETC.
Place of publication, distribution, etc. New Delhi,
Name of publisher, distributor, etc. Indian National Trade Union Congress,
Date of publication, distribution, etc. 1967.
300 ## - PHYSICAL DESCRIPTION
Extent xv, 252 p.
Dimensions 22 cm.
350 ## - PRICE (NR) (BK AM CF MU VM SE) [OBSOLETE]
Price Rs25
504 ## - BIBLIOGRAPHY, ETC. NOTE
Bibliography, etc. note Bibliographical footnotes.
650 #0 - SUBJECT ADDED ENTRY--TOPICAL TERM
Topical term or geographic name entry element Labor unions
Geographic subdivision India
General subdivision History.
650 #0 - SUBJECT ADDED ENTRY--TOPICAL TERM
Topical term or geographic name entry element Labor movement
Geographic subdivision India
General subdivision History.

No items available.

Powered by Koha